<?xml version="1.0" encoding="UTF-8"?>
<record
    xmlns:xsi="http://www.w3.org/2001/XMLSchema-instance"
    xsi:schemaLocation="http://www.loc.gov/MARC21/slim http://www.loc.gov/standards/marcxml/schema/MARC21slim.xsd"
    xmlns="http://www.loc.gov/MARC21/slim">

  <leader>00856nam a22002177a 4500</leader>
  <controlfield tag="003">LK-CoDNM</controlfield>
  <controlfield tag="005">20241010113147.0</controlfield>
  <controlfield tag="008">241010b        |||||||| |||| 00| 0 eng d</controlfield>
  <datafield tag="040" ind1=" " ind2=" ">
    <subfield code="a">LK-CoDNM</subfield>
    <subfield code="d">LK-CoDNM</subfield>
    <subfield code="e">LK-CoDNM</subfield>
  </datafield>
  <datafield tag="041" ind1=" " ind2=" ">
    <subfield code="a">sin</subfield>
  </datafield>
  <datafield tag="080" ind1=" " ind2=" ">
    <subfield code="a">105</subfield>
    <subfield code="b">KK18</subfield>
  </datafield>
  <datafield tag="100" ind1=" " ind2=" ">
    <subfield code="a">&#xD92;. &#xDB4;&#xDD3;. &#xDB6;&#xDD0;&#xDB1;&#xDA7;&#xDCA; &#xDB8;&#xDC4;&#xDAD;&#xDCF;</subfield>
  </datafield>
  <datafield tag="245" ind1=" " ind2=" ">
    <subfield code="a">&#xDA0;&#xDAB;&#xDCA;&#xDA9;&#xDCF;&#xDBD; &#xD9A;&#xDD9;&#xDBD;&#xDCA;&#xDBD; &#xDB1;&#xDDC;&#xDC4;&#xDDC;&#xDAD;&#xDCA; &#xDC3;&#xDCA;&#xDAE;&#xDD2;&#xDBB; &#xD86;&#xDBD;&#xDBA; &#xDC4;&#xDCF; &#xDC3;&#xDD0;&#xDB6;&#xDD1; &#xDB4;&#xDCA;&#x200D;&#xDBB;&#xDDA;&#xDB8;&#xDBA;</subfield>
  </datafield>
  <datafield tag="260" ind1=" " ind2=" ">
    <subfield code="a">&#xD9A;&#xDDC;&#xDC5;&#xDB9;</subfield>
    <subfield code="b">&#xDC0;&#xDD2;&#xDA2;&#xDBA; &#xDB8;&#xDD4;&#xDAF;&#xDCA;&#x200D;&#xDBB;&#xDAB;&#xDCF;&#xDBD;&#xDBA;</subfield>
    <subfield code="c">1959</subfield>
  </datafield>
  <datafield tag="300" ind1=" " ind2=" ">
    <subfield code="b">12p. ; 24 cm</subfield>
  </datafield>
  <datafield tag="650" ind1=" " ind2=" ">
    <subfield code="a">&#xDA0;&#xDAB;&#xDCA;&#xDA9;&#xDCF;&#xDBD; &#xD9A;&#xDD9;&#xDBD;&#xDCA;&#xDBD; &#xDB1;&#xDDC;&#xDC4;&#xDDC;&#xDAD;&#xDCA; &#xDC3;&#xDCA;&#xDAE;&#xDD2;&#xDBB; &#xD86;&#xDBD;&#xDBA; &#xDC4;&#xDCF; &#xDC3;&#xDD0;&#xDB6;&#xDD1; &#xDB4;&#xDCA;&#x200D;&#xDBB;&#xDDA;&#xDB8;&#xDBA;</subfield>
  </datafield>
  <datafield tag="650" ind1=" " ind2=" ">
    <subfield code="a">&#xD92;. &#xDB4;&#xDD3;. &#xDB6;&#xDD0;&#xDB1;&#xDA7;&#xDCA; &#xDB8;&#xDC4;&#xDAD;&#xDCF;</subfield>
  </datafield>
  <datafield tag="650" ind1=" " ind2=" ">
    <subfield code="a">&#xDC0;&#xDD2;&#xDA2;&#xDBA; &#xDB8;&#xDD4;&#xDAF;&#xDCA;&#x200D;&#xDBB;&#xDAB;&#xDCF;&#xDBD;&#xDBA;</subfield>
  </datafield>
  <datafield tag="650" ind1=" " ind2=" ">
    <subfield code="a">105 KK17</subfield>
  </datafield>
  <datafield tag="942" ind1=" " ind2=" ">
    <subfield code="c">BK</subfield>
  </datafield>
  <datafield tag="952" ind1=" " ind2=" ">
    <subfield code="0">0</subfield>
    <subfield code="1">0</subfield>
    <subfield code="4">1</subfield>
    <subfield code="7">0</subfield>
    <subfield code="8">OBC</subfield>
    <subfield code="a">MAIN</subfield>
    <subfield code="b">MAIN</subfield>
    <subfield code="c">REF</subfield>
    <subfield code="d">2024-10-03</subfield>
    <subfield code="l">0</subfield>
    <subfield code="o">105 KK18</subfield>
    <subfield code="p">OJP2982-3</subfield>
    <subfield code="r">2024-10-10</subfield>
    <subfield code="w">2024-10-10</subfield>
    <subfield code="y">BK</subfield>
  </datafield>
  <datafield tag="999" ind1=" " ind2=" ">
    <subfield code="c">218844</subfield>
    <subfield code="d">218844</subfield>
  </datafield>
</record>
